000 00228 a2200097 4500
001 47840
100 _aPringl P
245 _aGreat discoverers in modern science
260 _aLondon
_bGeorge G harrap
_c
090 _c30838
_d30838
942 _aNUST-CAE
_cM
_c23156
999 _c282913
_d282913